LEADER 01497nam0 22003133i 450 001 SUN0069227 005 20140606092453.698 010 $a978-88-13-28083-3 100 $a20090427d2008 |0itac50 ba 101 $aita 102 $aIT 105 $a|||| ||||| 200 1 $aˆLe ‰immunità giurisdizionali degli stati e degli altri enti internazionali$fNatalino Ronzitti, Gabriella Venturini$gcon raccolta di giurisprudenza / a cura di Andrea Atteritano 210 $aPadova$cCEDAM$d2008 215 $axv, 431 p.$d24 cm. 410 1$1001SUN0069224$12001 $aPubblicazioni del Centro di ricerca sulle amministrazioni pubbliche Vittorio Bachelet. Collana di studi$v6$1210 $aMilano$cGiuffrè. 606 $aDiritto internazionale$2FI$3SUNC000114 620 $dPadova$3SUNL000007 676 $a341.33$cDIRITTO IN MATERIA DI DIPLOMAZIA.$v21 700 1$aRonzitti$b, Natalino$3SUNV007433$09440 701 1$aVenturini$b, Gabriella$3SUNV000166$0145386 702 1$aAtteritano$b, Andrea$3SUNV054655 712 $aCEDAM$3SUNV005537$4650 801 $aIT$bSOL$c20181109$gRICA 912 $aSUN0069227 950 $aUFFICIO DI BIBLIOTECA DEL DIPARTIMENTO DI GIURISPRUDENZA$d00 CONS VIII.En.293 $e00 BFG1264 995 $aUFFICIO DI BIBLIOTECA DEL DIPARTIMENTO DI GIURISPRUDENZA$gBFG$h1264$kCONS VIII.En.293$op$qa 996 $aImmunità giurisdizionali degli stati e degli altri enti internazionali$969908 997 $aUNICAMPANIA LEADER 01856nas 2200589- 450 001 996251345503316 005 20230312213022.0 011 $a1461-7080 035 $a(DE-599)ZDB1482715-3 035 $a(OCoLC)41383954 035 $a(CKB)963017836283 035 $a(CONSER)--2020204962 035 $a(EXLCZ)99963017836283 100 $a19990518a19999999 s-- a 101 0 $aeng 135 $aurmnu|||||||| 181 $ctxt$2rdacontent 182 $cc$2rdamedia 183 $acr$2rdacarrier 200 10$aDiscourse studies 210 1$aLondon :$cSAGE Publications 215 $a1 online resource 300 $aRefereed/Peer-reviewed 311 $a1461-4456 517 1 $aDS 531 $aDISCOURSE STUDIES AN INTERDISCIPLINARY JOURNAL FOR THE STUDY OF TEXT AND TALK 531 $aDISCOURSE STUD 606 $aDiscourse analysis$vPeriodicals 606 $aDiscourse analysis, Literary$vPeriodicals 606 $aDiscourse analysis, Narrative$vPeriodicals 606 $aDiscourse analysis$2fast$3(OCoLC)fst00894932 606 $aDiscourse analysis, Literary$2fast$3(OCoLC)fst00894944 606 $aDiscourse analysis, Narrative$2fast$3(OCoLC)fst00894947 608 $aPeriodicals.$2fast 608 $aPeriodicals.$2lcgft 610 00$atalen 610 00$alanguages 610 00$acommunicatietheorie 610 00$acommunication theory 610 10$aCommunication Studies (General) 610 10$aCommunicatiestudies (algemeen) 615 0$aDiscourse analysis 615 0$aDiscourse analysis, Literary 615 0$aDiscourse analysis, Narrative 615 7$aDiscourse analysis. 615 7$aDiscourse analysis, Literary. 615 7$aDiscourse analysis, Narrative. 676 $a401.41 906 $aJOURNAL 912 $a996251345503316 996 $aDiscourse studies$9242088 997 $aUNISA